Geotechnické posúdenie vplyvu metódy razenia na zaťaženie a návrh ostenia tunela Čebrať pri zohľadnení zložitosti horninového prostredia

Uložené v:
Podrobná bibliografia
Hlavný autor: Popelka, Jakub (Autor)
Ďalší autori: Hruštinec, Ľuboš (Vedúci práce)
Médium: Rukopis Kniha
Jazyk:Slovak
Vydavateľské údaje: 2024
Predmet:
On-line prístup:http://is.stuba.sk/zp/portal_zp.pl?podrobnosti=175941
https://opac.crzp.sk/?fn=detailBiblioForm&sid=24A0BAF10DE628094C77E851EC40
Tagy: Pridať tag
Žiadne tagy, Buďte prvý, kto otaguje tento záznam!

MARC

LEADER 00000ntm a22000003a 4500
001 stuzp98815
003 SK-STU
005 20240925110344.5
007 ta
008 150427s2015----xo-----f-mn---000-0-slo-d
040 |a STU  |b slo 
041 0 |a slo 
100 1 |a Popelka, Jakub  |u 010150  |4 aut  |U SvF Stavebná fakulta  |T SvF Katedra geotechniky  |X 98146  |U V150  |Y 15  |7 98146 
242 0 1 |a Geotechnical assessment of the impact of the excavation method on the load and design of the Čebrat tunnel lining, taking into account the difficulty of the rock environment  |y eng 
245 1 0 |a Geotechnické posúdenie vplyvu metódy razenia na zaťaženie a návrh ostenia tunela Čebrať pri zohľadnení zložitosti horninového prostredia 
260 |c 2024 
650 4 |a tunel  |2 slo 
650 4 |a cyklické razenie  |2 slo 
650 4 |a NRTM  |2 slo 
650 4 |a metóda konečných prvkov  |2 slo 
650 4 |a tunnel  |2 eng 
650 4 |a cyclic excavation  |2 eng 
650 4 |a NATM  |2 eng 
650 4 |a finite element method  |2 eng 
700 1 |a Hruštinec, Ľuboš  |u 010150  |k Z1  |4 ths  |U SvF Stavebná fakulta  |T SvF Katedra geotechniky  |X 913  |U V150  |Y 15  |7 A000000913 
856 4 |u http://is.stuba.sk/zp/portal_zp.pl?podrobnosti=175941 
856 4 |u https://opac.crzp.sk/?fn=detailBiblioForm&sid=24A0BAF10DE628094C77E851EC40